| 000 | 00642nam a22002177a 4500 | ||
|---|---|---|---|
| 003 | LK-CoMWRAF | ||
| 005 | 20240103121852.0 | ||
| 008 | 230921b1970 |||||||| |||| 00| 0 eng d | ||
| 020 | _a0521076013 | ||
| 040 |
_aLK-CoMWRAF _dLK-CoMWRAF _eLK-CoMWRAF |
||
| 041 | _aeng | ||
| 082 |
_a909.097 _bCAM |
||
| 245 |
_aThe Cambridge history of Islam ; _bThe further Islamic lands, Islamic society and civilization |
||
| 260 |
_aCambridge : _bCambridge University press, _c1970 |
||
| 490 | _aVolume 2 | ||
| 650 | _aIslam-History | ||
| 700 |
_aHolt, P. M. _eed. |
||
| 700 |
_aLambton, Ann K. S. _eed. |
||
| 700 |
_aLewis, Bernard _eed. |
||
| 942 | _cBK | ||
| 999 |
_c3597 _d3597 |
||